00770nam a22002297a 45000010005000000030006000050050017000110080041000280200018000690400029000870500017001160820009001331000017001422450050001592600044002093000048002535050007003015200131003085210027004395210018004666500056004847276FISKH20250707111200.0250707b cb ||||| |||| 00| 0 eng d a9781595157348 aFISKHbengcFISKHdFISKH aQL706.2 .O38 a599  aO'Hare, Ted  aMammals :bWhat is an animal ? / cTed O'Hare aFlorida : bRourke Publishing, c2006.  a24 pages : bcolor illustrations ; c19 cm  aO  aProvides information about mammals: physical characteristics, behavior, mating, and how they protect themselves from dangers. 8 a600 bLexile estimate 8 aO bRaz-Plus  aMammals vNonfiction xAnimal scienceyWildlife